Hiểm họa ma túy và cuộc chiến mới

Cuốn sách là công trình chuyên khảo đề cập toàn diện về tình hình đấu tranh phòng, chóng ma tuý trên thế giới và ở Việt Nam

Đã lưu trong:
Sonraí Bibleagrafaíochta
Príomhúdar: Nguyễn, Xuân Yêm
Formáid: Leabhar
Teanga:Undetermined
Foilsithe: Hà Nội Công an nhân dân 2002
Ábhair:
Clibeanna: Cuir Clib Leis
Gan Chlibeanna, Bí ar an gcéad duine leis an taifead seo a chlibeáil!
Thư viện lưu trữ: Trung tâm Học liệu Trường Đại học Cần Thơ
LEADER 00818nam a2200205Ia 4500
001 CTU_47177
008 210402s9999 xx 000 0 und d
082 |a 362.298 
082 |b Y253 
100 |a Nguyễn, Xuân Yêm 
245 0 |a Hiểm họa ma túy và cuộc chiến mới 
245 0 |c Nguyễn Xuân Yêm, Trần Văn Luyện 
260 |a Hà Nội 
260 |b Công an nhân dân 
260 |c 2002 
520 |a Cuốn sách là công trình chuyên khảo đề cập toàn diện về tình hình đấu tranh phòng, chóng ma tuý trên thế giới và ở Việt Nam 
650 |a Cocaine,Narcotics and youth,Narcotics, control 
650 |z Vietnam 
904 |i Q. Hieu 
980 |a Trung tâm Học liệu Trường Đại học Cần Thơ